000
00242nam a22001097a 4500
040
_c
DLC
082
_a
891.4391
_b
AQE
100
_a
Ghalib
_9
87234
245
_a
Intikhaab Qalam Khwaja Mir
_c
Mir Taqi Mir
260
_a
?
_b
?
_c
?
942
_2
ddc
_c
BK
999
_c
587486
_d
587486